LEADER 01260nam a2200301 i 4500 001 000000105923 003 CaOOAMICUS 005 20080811000000.0 008 080811s1996 it u000 u ita u 013 $a78117 020 $a88-428-0379-0 040 $aSeMil$bita 100 1 $aHonderich, Ted.$0(OLS)http://semarc/name/44602 240 10$aHow free are you?.$0(OLS)http://semarc/title/153463 245 10$aSei davvero libero? :$bil problema del determinismo /$cTed Honderich ; traduzione di Marco Martorelli. 260 $aMilano :$bIl Saggiatore,$c1996. 300 $a153 p. ;$c19 cm. 490 0 $aL'arco 650 4$aDeterminismo.$0(OLS)http://semarc/subject/10523 650 4$aLibero arbitrio.$0(OLS)http://semarc/subject/4428 700 1 $aMartorelli, Marco.$0(OLS)http://semarc/name/44603 830 2$aL'arco.$0(OLS)http://semarc/title/8341 850 $aSeMil 852 $aSeMil$W1$xVenegono$y1$m2P II 82$j62078$B62078$CSeMilBibl$Z2$F98973 $81 961 $aOmaggio: Fumagalli don Aristide 996 $6020$a88-428-0379-0$9(OLS)http://semarc/number/86251 996 $6245$aSei davvero libero? :$bil problema del determinismo$9(OLS)http://semarc/title/153462 996 $6260$aMilano :$bIl Saggiatore$9(OLS)http://semarc/publisher/30255 LEADER 01416nam a2200289 i 4500 001 000000178516 003 CaOOAMICUS 005 20090325000000.0 008 090325s2008 be u000 u mul u 013 $a156088 020 $a978-90-429-2094-1 040 $aSeMil$bita 245 14$aThe Books of Leviticus and Numbers /$cEdited by Thomas Römer. 260 $aLeuven [etc] :$bUitgeverij Peeters,$c2008. 300 $aXXVII, 742,4 p. ;$c25 cm. 490 0 $aBibliotheca Ephemeridum Theologicarum Lovaniensium ;$v215. 500 $aAtti del Colloquium biblicum lovaniense del 2006. 650 4$aBibbia. Antico Testamento. Levitico - Commentari, studi, critica, interpretazioni.$0(OLS)http://semarc/subject/2771 650 4$aBibbia. Antico Testamento. Numeri - Commentari, studi, critica, interpretazioni.$0(OLS)http://semarc/subject/11065 700 1 $aRömer, Thomas,$d<1955- >.$0(OLS)http://semarc/name/21058 830 0$aBibliotheca Ephemeridum Theologicarum Lovaniensium ;$v215.$0(OLS)http://semarc/title/108 850 $aSeMil 852 $aSeMil$W1$xVenegono$y1$m2IA A 215$j236308$B129289$CSeMilBibl$Z2$F140513 $81 961 $aSottoscrizione: Glossa 996 $6020$a978-90-429-2094-1$9(OLS)http://semarc/number/167528 996 $6245$aThe Books of Leviticus and Numbers$9(OLS)http://semarc/title/256402 996 $6260$aLeuven [etc] :$bUitgeverij Peeters$9(OLS)http://semarc/publisher/33422